Dom z papieru - Postacie po zdjęciach - Statystyki

Ogólne statystyki
  • Ten quiz został rozwiązany 1 260 razy
  • Średni wynik to 12 z 16
Statystyki odpowiedzi
Obrazkowy Hint Odpowiedź % Poprawnych
Pseudonim Profesor
98%
Pseudonim Berlin
97%
Pseudonim Tokio
97%
pseudonim Helsinki
96%
Pseudonim Rio
92%
Pseudonim Nairobi
90%
Pseudonim Denver
89%
Pseudonim/ Brat Helsinkiego Oslo
86%
Pseudonim Moskwa
83%
Pseudonim Sztokholm
79%
Pseudonim Lizbona
78%
Imię Arturo Román
74%
Pseudonim Palermo
57%
Imię Alicia
35%
Imię Ángel
24%
Stopień wojskowy + Imię Pułkownik Tamayo
14%
Nie znaleziono quizów pasujących do podanych kryteriów
Rozkład punktacji
Procent ludzi z każdym wynikiem
Percentyl według liczby udzielonych odpowiedzi
Twoja historia wyników
Nie rozwiązałeś tego quizu